00650nam a2200181 a 450000100100000000500170001000800410002702000150006804000250008308200150010810000280012324500990015126000590025030000200030904900090032995201130033899900170045100002336220200930022151.0101203s1978 ag r 000 | spa d a031142063x aDO-SdBNPbspacBNPHU axxxbD324q1 aDeiros, Pablo A.94812910a¿Qué paso con estos pecados? :bmeditaciones sobre la conducta personal /cPablo A. Deiros. aBuenos Aires :bCasa Bautista de Publicaciones,c1978. a94 p. ;c19 cm. aBNGR 001050718MOaGRbGRcCTd2010-12-03iLF1l0oxxx D324qp23362-10r2020-06-25w2020-06-25y1ZNo se presta c22859d22859